000 00261nam a2200109Ia 4500
008 190914s9999||||xx |||||||||||||| ||und||
100 _a Mohan Joshi
245 0 _aInternational Business
260 _aNew Delhi
_bPrentice Hall
_c2001
300 _a296
942 _cBK
999 _c9888
_d9888